De dioses, hombrecitos y policías /

Đã lưu trong:
Chi tiết về thư mục
Tác giả chính: Costantini, Humberto (autor)
Định dạng: Sách
Ngôn ngữ:Tiếng Tây Ban Nha
Được phát hành: La Habana, Cuba : Casa de las Américas, 1979, c1979
Những chủ đề:
Các nhãn: Thêm thẻ
Không có thẻ, Là người đầu tiên thẻ bản ghi này!

MARC

LEADER 00000nam^a2200000^a^4500
001 000183903
005 20250521000000.0
009 20260310102058.134
037 |a Acervo ITESO - Biblioteca 
041 |a ESP 
082 |a 863.  |b COS 
100 |a Costantini, Humberto  |e (autor) 
245 1 0 |a De dioses, hombrecitos y policías /  |c H. Costantini. 
264 4 |a La Habana, Cuba :  |b Casa de las Américas,  |c 1979, c1979 
300 |a 221 p. 
336 |a texto  |b txt  |2 rdacontenido 
337 |a sin mediación  |b n  |2 rdamedio 
338 |a volumen  |b nc  |2 rdasoporte 
586 |a Premio Casa de las Américas 1979 
649 |a XX 
650 |a Novela Argentina 
650 |a Literatura Argentina -  |y Siglo XX 
910 |a Fondo General 
920 |a Impresos - Libros 
930 |a Colección General 
940 |a Literatura 
905 |a 101 
901 |a 0500124520  |b IT1  |c LIT  |u 20250521 
902 |a https://opac.biblio.iteso.mx/vufind/Record/000183903